00444nam a2200145Ia 4500008004100000020001500041041000800056082001800064100002300082245011200105250000600217260004000223300001200263650002300275210716s1993 xx 000 0 und d a0300056842 aeng a150.1952 SHEL aShengold, Leonard. aBoy will come to nothing!: freuds ego ideal and freud as egoideal.bFreuds ego ideal and freud as egoideal. a1 aLondonbYale university Pressc1993 axvi,184 aGeneral Management